000 00456 a2200181 4500
001 066705
003 OSt
005 20211006113022.0
008
082 _a338.04
_bH28E
100 1 _aHattangadi, Vidya
245 1 _aEntrepreneurship: need of the hour
_cby Vidya Hattangadi
250 _a1st ed.
260 _aMumbai
_bHimalaya Publishing
_c2007
300 _a311p.
690 _aEntrepreneurship
942 _2ddc
_cBK
999 _c720
_d720